|
|
|
|
| LEADER |
00000nab a2200000 a 4500 |
| 001 |
vtls009087770 |
| 003 |
SK-MaSNL |
| 005 |
20260303191856.0 |
| 008 |
140301c20070302xo dr|p|||||||000 b|slo |
| 015 |
|
|
|a SNBRB2007/08
|2 snkbucl
|
| 038 |
|
|
|a SNKBUCL
|
| 040 |
|
|
|a SNKBUCL
|b slo
|c SNKBUCL
|e AACR2
|
| 041 |
0 |
|
|a slo
|
| 044 |
|
|
|a xo
|c SK
|
| 080 |
|
|
|a 658.012.43-051
|2 2001
|
| 080 |
|
|
|a 005-051
|2 2001
|
| 080 |
|
|
|a 929 Hreha, Radim
|2 2001
|
| 100 |
1 |
|
|a Doričová, Denisa Gura,
|d 1980-
|4 ivr
|4 aut
|9 229210
|
| 245 |
1 |
0 |
|a Nie som expert na televíziu
|b riaditeľ STV Radim Hreha v rozhovore pre HN
|c [zhovárali sa] Denisa Doričová, Mira Sojková
|
| 300 |
|
|
|b Fotogr.
|
| 600 |
1 |
7 |
|a Hreha, Radim,
|d 1953-
|2 snkbucl
|9 104003
|
| 700 |
1 |
|
|a Sojková, Mira
|4 ivr
|9 1043007
|
| 700 |
1 |
|
|a Hreha, Radim,
|d 1953-
|4 ive
|9 104003
|
| 773 |
0 |
|
|t Hospodárske noviny
|g Roč. XV., č. 44 (2.-4.3.2007)
|x 1335-4701
|
| 773 |
0 |
8 |
|t Víkend
|d S. [21]-22
|
| 852 |
|
|
|a SNK
|b KIS3GCP
|
| 958 |
|
|
|a BX
|
| 999 |
|
|
|c 2143369
|d 2145299
|